Responses for show #607 - Tuesday, April 7, 1987

Contestants

Jonathan Vaughan, a graphics design student originally from Hong Kong

Woods Gleason, a film industry analyst originally from Charlottesville, Virginia

David Roussel, an accountant from Sunland, California (whose 1-day cash winnings total $9,500)

Jeopardy! Round responses

WORLD CAPITALS
NURSERY RHYMES
GRAY MATTERS
BUSINESS & INDUSTRY
SPORTS
STUPID ANSWERS
    $100 3
Bangkok

David
    $100 26
Little Boy Blue

Triple Stumper
    $100 17
the Old Gray Mare

David
    $100 8
Gibraltar

Woods
    $100 1
a golf hole

David
    $100 16
Turin

David
    $200 4
Baghdad

David
    $200 27
[The end-of-round signal sounds.]

Humpty Dumpty

David
    $200 18
Dress Gray

Woods
    $200 9
Imperial Margarine

Triple Stumper
    $200 2
bullfighting

David
    $200 19
rawhide

David
    $300 5
Bogotá

Jonathan
    $300 23
(Woods: Who is Bud Gray?)

Bill Gray

DavidWoods
    $300 10
the Olympics

Woods
    $300 13
tennis

David
    $300 20
Comet cleanser

David
    $400 6
Bern

Woods
    $400 24
(Woods: Who is the "Gray Goose"?)

the "Gray Ghost"

WoodsJonathan
    $400 11
the Yugo

Woods
    $400 14
bowling

Jonathan
    $400 21
(David: What is Pierre?)

De Smet

David
Triple Stumper
    $500 7
(Woods: What are Bucharest...)
(Alex: Right...)
(Woods: ...and...)

(2 of) Bucharest, Budapest & Belgrade

Woods
    $500 25
(Alex: Who is [*]?--who wrote "Elegy in a Country Churchyard".)

Thomas Gray

Triple Stumper
    $500 12
(Woods: What is Mary Kay Cosmetics?)
(Jonathan: What is Gloria Vanderbilt?)

Estée Lauder

DavidWoodsJonathan
    $500 15
(Alex: Where all the biggies are buried, [*].)

Westminster Abbey

Triple Stumper
    $500 22
K2

David

Scores at the first commercial break (after clue 9):

David Woods Jonathan
$600 $0 $300

Scores at the end of the Jeopardy! Round:

David Woods Jonathan
$2,700 -$300 $600

Double Jeopardy! Round responses

COLONIAL AMERICA
ANIMALS
NYC AUTHORS
LANGUAGES
CONDUCTORS
TOUGH TV TRIVIA
    $200 1
the Pilgrims

Jonathan
    $200 6
elephants

Woods
    $200 11
Brooklyn

Woods
    $200 15
(Alex: Yes. They used to write in Latin.)

Italian

David
    $200 7
Hill Street Blues

Jonathan
    $400 2
(David: What is divorce?)

slavery

David
Triple Stumper
    $400 8
kangaroos

Jonathan
    $400 22
Thomas Wolfe

David
    $400 16
the Philippines

Jonathan
    $400 10
John Cleese

David
    $600 3
Pittsburgh

Woods
    $600 9
the diamondback rattler

Woods
    $600 23
Harlem

Woods
    $600 17
(Woods: What is English?)
(David: What is Yiddish?)

Arabic

DavidWoods
Triple Stumper
    $600 26
Eugene Ormandy

Woods
    $600 12
(David: What is The Wild, Wild West?)
...
(Alex: Fun TV series that always seemed to have the--its tongue in its cheek: [*].)

Maverick

David
Triple Stumper
    $800 4
North Carolina

Woods
    $1,000 20
(Alex: You're absolutely right. Feathers for feather dusters. Nice going.)

tailfeathers

Jonathan
    $800 24
The Chelsea

Triple Stumper
    $800 18
Mandarin

Woods
    $800 27
Zubin Mehta

David
    $800 13
(David: Who is Nancy Walker?)

Nanette Fabray

David
Triple Stumper
    $1000 5
the great (religious) revivals of the 1740s

Jonathan
    $1000 21
buffalo (or bison)

David
    $1000 25
(Alex: Hard-drinking Irishman named [*].)

Brendan Behan

Triple Stumper
    $1000 19
Sanskrit

Jonathan
    $600 28
(David: Who is... Henry Mancini?)
(Alex: Oh, no, sorry. Who is [*]? The song is called "Like Love".)
[The end-of-round signal sounds.]

André Previn

David
    $1000 14
(Woods: What is The Mary Tyler Moore Show?)

The Dick Van Dyke Show

Woods
Triple Stumper

Scores at the end of the Double Jeopardy! Round:

David Woods Jonathan
$2,500 $2,500 $4,800

[wagering suggestions for these scores]

Final Jeopardy! Round responses

ISLANDS
[The clue reveals begin with David.]
WoodsWhat is Sicily?
$2,500
DavidWhat is Cyprus?
$2,500
JonathanWhat is Sicily?
$1,200
Sicily

Final scores:

David Woods Jonathan
$0 $5,000 $6,000
3rd place: Colortyme's traditional-style console color TV 2nd place: a trip to Nassau aboard Delta Airlines + a 5-day Windjammer Barefoot Cruise of the Bahamas New champion: $6,000

Game dynamics:

Coryat scores:

David Woods Jonathan
$3,100 $3,000 $4,600
18 R,
6 W
(including 1 DD)
13 R,
6 W
(including 1 DD)
10 R
(including 1 DD),
1 W

Combined Coryat: $10,700

The J! Archive is created by fans, for fans. The Jeopardy! game show and all elements thereof, including but not limited to copyright and trademark thereto, are the property of Jeopardy Productions, Inc. and are protected under law. This website is not affiliated with, sponsored by, or operated by Jeopardy Productions, Inc. Join the discussion at JBoard.tv.